000
00288nam a22001337a 4500
008
180226b xxu||||| |||| 00| 0 eng d
020
_a
9780766842847
041
_a
eng
080
_a
618.3
100
_a
4
101
_a
SHM
245
_a
INFACTS TOODDLERS
_c
LINDA.D.W
942
_2
udc
_c
BK
999
_c
43519
_d
43519